|
|
|
|
| LEADER |
01202nam a2200385 4500 |
| 001 |
DLU090097367 |
| 005 |
##20091201 |
| 040 |
# |
# |
|a DLU
|b eng
|
| 041 |
# |
# |
|a eng
|
| 044 |
# |
# |
|a us
|
| 245 |
# |
# |
|a A microfluidic device with an integrated waveguide beam splitter for velocity measurements of flowing particles by fourier transformation /
|c Klaus B. Mogensen ... [et al.].
|
| 653 |
# |
# |
|a Beam splitter
|
| 653 |
# |
# |
|a Capillary electrophoresis
|
| 653 |
# |
# |
|a Fluorescence spectrometry
|
| 653 |
# |
# |
|a Microfluidics
|
| 653 |
# |
# |
|a Optical fiber
|
| 653 |
# |
# |
|a Photomultiplier
|
| 653 |
# |
# |
|a Speed measurement
|
| 653 |
# |
# |
|a Waveguide
|
| 700 |
# |
# |
|a Eijkel, Jan C. T.
|
| 700 |
# |
# |
|a Kutter, Jorg P.
|
| 700 |
# |
# |
|a Kwok, Yien C.
|
| 700 |
# |
# |
|a Manz, Andreas.
|
| 700 |
# |
# |
|a Mogensen, Klaus B.
|
| 700 |
# |
# |
|a Petersen, Nickolaj J.
|
| 773 |
# |
# |
|t Analytical Chemistry
|g Vol. 75, no. 18 (September 2003), p. 4931-4936
|
| 920 |
# |
# |
|a Phòng Tạp chí -- Trung tâm Thông tin - Thư viện Trường Đại học Đà Lạt
|
| 994 |
# |
# |
|a DLU
|
| 900 |
# |
# |
|a True
|
| 911 |
# |
# |
|a Trương Bảo Trâm Anh
|
| 925 |
# |
# |
|a G
|
| 926 |
# |
# |
|a A
|
| 927 |
# |
# |
|a BB
|
| 980 |
# |
# |
|a Thư viện Trường Đại học Đà Lạt
|